| 000 | 00408nam a2200181Ia 4500 | ||
|---|---|---|---|
| 008 | 210210b1954 xxu||||| |||| 00| 0 eng d | ||
| 041 | _aeng | ||
| 082 | _a823/367 | ||
| 100 | _aSHAKESPEARE (William) | ||
| 245 | _aRichard II | ||
| 260 |
_aMangalore _bU R Shenoy & Sons _c1954 |
||
| 650 | _athe | ||
| 650 | _asecond | ||
| 650 | _aRichard | ||
| 650 | _aII | ||
| 690 | _aEnglish Drama | ||
| 906 | _a013911 | ||
| 999 |
_c132982 _d132982 |
||